Internet and intranet engineering (Record no. 178063)
[ view plain ]
| 000 -LEADER | |
|---|---|
| fixed length control field | 00392nam a2200157Ia 4500 |
| 008 - FIXED-LENGTH DATA ELEMENTS--GENERAL INFORMATION | |
| fixed length control field | 231217s9999 xx 000 0 und d |
| 020 ## - INTERNATIONAL STANDARD BOOK NUMBER | |
| International Standard Book Number | 74637436 |
| 041 ## - LANGUAGE CODE | |
| Language code of text/sound track or separate title | English |
| 082 ## - DEWEY DECIMAL CLASSIFICATION NUMBER | |
| Classification number | 001.64404 MIN;17 |
| 100 ## - MAIN ENTRY--PERSONAL NAME | |
| Personal name | Minoli, Daniel |
| 245 #0 - TITLE STATEMENT | |
| Title | Internet and intranet engineering |
| 260 ## - PUBLICATION, DISTRIBUTION, ETC. | |
| Date of publication, distribution, etc. | 1998 |
| Name of publisher, distributor, etc. | TMH |
| Place of publication, distribution, etc. | New Delhi |
| 300 ## - PHYSICAL DESCRIPTION | |
| Extent | xvii+424 |
| 650 ## - SUBJECT ADDED ENTRY--TOPICAL TERM | |
| Topical term or geographic name entry element | Intranet,engineering |
| 942 ## - ADDED ENTRY ELEMENTS (KOHA) | |
| Koha item type | Books |
| Date last seen | Total checkouts | Full call number | Accession number | Price effective from | Category | Lost status | Damaged status | Department | Withdrawn status | Home library | Current library | Shelving location | Entry date | Vendor | Grants | Billdate | Currency symbol | Conversion rate | Discount | Old discount |
|---|---|---|---|---|---|---|---|---|---|---|---|---|---|---|---|---|---|---|---|---|
| 26/01/2024 | 001.64404 MIN;17 | 42886 | 26/01/2024 | Books | Information Science | Central Library | Central Library | Information Science | 08/09/2006 | Publisher | IS | 23/08/2008 | RS | 1 | ||||||
| 26/01/2024 | 001.64404 MIN;18 | 42887 | 26/01/2024 | Books | Information Science | Central Library | Central Library | Central Library | 08/09/2006 | Publisher | IS | 23/08/2008 | RS | 1 |
